| 000 | 00394pab a2200121 454500 | ||
|---|---|---|---|
| 008 | 180718b xxu||||| |||| 00| 0 eng d | ||
| 100 | _aBhuiyan, Md. Salim | ||
| 245 | _aObjective setting: its conspicuousness and the Bangladesh Jute Mills Corporation (BJMC) | ||
| 650 | _a Bangladesh Jute Mills Corporation | ||
| 650 | _aManagement - Bangladesh | ||
| 773 | _aManagement Development | ||
| 909 | _a21481 | ||
| 999 |
_c21481 _d21481 |
||